Lao động với sức khỏe thể dục; T1
Đã lưu trong:
| 主要作者: | |
|---|---|
| 格式: | 圖書 |
| 語言: | Undetermined |
| 出版: |
Hà Nội
Thể dục thể thao
1978
|
| 主題: | |
| 標簽: |
添加標簽
沒有標簽, 成為第一個標記此記錄!
|
| Thư viện lưu trữ: | Trung tâm Học liệu Trường Đại học Cần Thơ |
|---|
| LEADER | 00519nam a2200169Ia 4500 | ||
|---|---|---|---|
| 001 | CTU_7809 | ||
| 008 | 210402s9999 xx 000 0 und d | ||
| 082 | |a 613.7 | ||
| 082 | |b G866/T1 | ||
| 100 | |a M Ph Grinenco | ||
| 245 | 0 | |a Lao động với sức khỏe thể dục; T1 | |
| 245 | 0 | |c M Ph Grinenco; Dịch giả: Hồ Tuyến | |
| 260 | |a Hà Nội | ||
| 260 | |b Thể dục thể thao | ||
| 260 | |c 1978 | ||
| 650 | |a physical fitness | ||
| 980 | |a Trung tâm Học liệu Trường Đại học Cần Thơ | ||